Cultivando la diversidad en Colombia : (Registro nro. 3882)
[ vista simple ]
| 000 -CABECERA | |
|---|---|
| Campo de control | 01096cam a22002414a 4500 |
| 005 - FECHA Y HORA DE LA ULTIMA TRANSACCION | |
| Campo de control | 20160208163732.0 |
| 008 - ELEMENTOS DE LONGITUD FIJA—INFORMACION GENERAL | |
| Campo de control | 070126s2004 ck ab 000 0 spa c |
| 020 ## - ISBN | |
| ISBN | 9583359246 |
| 040 ## - FUENTE DE CATALOGACIÓN | |
| Agencia catalogadora original | AGL |
| Agencia transcriptora | AGL |
| Agencia Modificadora | CUY |
| -- | DLC |
| -- | CO-BoIAVH |
| 041 0# - IDIOMA | |
| Código de idioma para texto/pista de sonido o título separado | Español |
| 044 ## - PAÍS DE PUBLICACIÓN | |
| País de publicación | Colombia |
| 082 04 - NUMERO DE CLASIFICACION DECIMAL DEWEY | |
| Número de clasificación | 631.5 |
| Número del ítem | A65c |
| 245 00 - MENCION DE TITULO | |
| Título | Cultivando la diversidad en Colombia : |
| Parte restante del título | experiencias locales de crianza de la biodiversidad / |
| Mención de responsabilidad | equipo editor, ASPROINCA ... [et al.]. |
| 246 30 - FORMA VARIANTE DEL TITULO | |
| Título propiamente dicho/forma breve del título | Experiencias locales de crianza de la biodiversidad |
| 260 3# - PUBLICACION, DISTRIBUCION, ETC. (PIE DE IMPRENTA) | |
| Lugar de publicación, distribución, etc. | Bogotá, Colombia : |
| Nombre del editor, distribuidor, etc. | Grupo Semillas, |
| Fecha de publicación, distribución, etc. | 2004. |
| 300 ## - DESCRIPCION FISICA | |
| Extensión | 111 páginas : |
| Otros detalles físicos | Ilustraciones (algunas a color), mapas ; |
| Dimensiones | 28 x 20 cm. |
| 505 ## - NOTA DE CONTENIDO | |
| Nota de contenido | 1. Proyecto Cultivando Diversidad.<br/>2. Organizaciones campesinas e indígenas de Colombia y la soberanía alimentaria.<br/>3. Experiencias locales de enseñanza de la biodiversidad. |
| 650 24 - ASIENTO SECUNDARIO DE MATERIA - TERMINO TEMATICO | |
| Término temático o nombre geográfico como elemento de entrada | Agricultura Alternativa |
| Subdivisión geográfica | Región Andina |
| 9 (RLIN) | 58003 |
| 650 24 - ASIENTO SECUNDARIO DE MATERIA - TERMINO TEMATICO | |
| Término temático o nombre geográfico como elemento de entrada | Agricultura Alternativa |
| Subdivisión geográfica | Región Caribe |
| 9 (RLIN) | 58004 |
| 650 14 - ASIENTO SECUNDARIO DE MATERIA - TERMINO TEMATICO | |
| Término temático o nombre geográfico como elemento de entrada | Diversidad |
| 9 (RLIN) | 58005 |
| 710 2# - ASIENTO SECUNDARIO - NOMBRE CORPORATIVO | |
| Nombre corporativo o de jurisdicción como elemento de entrada | Asociación de Productores Indígenas y Campesinos. |
| 9 (RLIN) | 20211 |
| 942 ## - ELEMENTOS ADICIONALES (KOHA) | |
| Sistema de clasificación | Dewey Decimal Classification |
| Tipo de ítem | Libro |
| Withdrawn status | Lost status | Sistema de Clasificación | Damaged status | No para préstamo | Colección | Inventariado | Ubicación Permanente | Ubicación actual | Fecha de adquisición | Fuente de Valor | Valor | Total Checkouts | Número topográfico | Inventario / Código de Barras | Date last seen | Ejemplar | Price effective from | Forma de adquisición | Tipo de material |
|---|---|---|---|---|---|---|---|---|---|---|---|---|---|---|---|---|---|---|---|
| Dewey Decimal Classification | General | Inventariado 2017 | Bogotá | Bogotá | 10/07/2015 | Instituto | 15000.00 | LB-631.5 A65c | 038882 | 10/07/2015 | Ej. 1 | 10/07/2015 | Canje | Libro | |||||
| Dewey Decimal Classification | General | Inventariado 2017 | Sala Fabio Quevedo | Sala Fabio Quevedo | 27/05/2004 | Instituto | 15000.00 | LB-631.5 A65c | 015948 | 04/12/2012 | Ej. 2 | 04/12/2012 | Libro |